000 00350nam a2200145Ia 4500
008 210210b1927 xxu||||| |||| 00| 0 eng d
082 _a310/60
100 _aGIDDINGS (F H).
245 _aElements of sociology.
260 _aLondon
_bMacmillan & Co. Ltd.
_c1927
300 _axi,353
650 _aSociology
690 _aSociology
906 _a001552
999 _c77688
_d77688